[Event "ODJM C 2025"]
[Site "Willingen GER"]
[Date "2025.06.12"]
[Round "7"]
[White "Wagner, Valentin Thien-Phú"]
[Black "Fels, Henri"]
[Result "1/2-1/2"]
[Termination "normal"]
[Board "30"]
[WhiteElo "1401"]
[BlackElo "940"]
[WhiteClock "00:33:29"]
[BlackClock "00:35:05"]
[PlyCount "42"]
[WhiteFideId "34603492"]
[BlackFideId "533043779"]
[EventCountry "GER"]
[EventRounds "9"]
[EventType "swiss"]
[EventDate "2025.06.07"]

1. e4 {[%clk 01:30:59]} c5 {[%clk 01:30:48]} {[%emt 00:00:13]} 2. Nf3 {[%clk
01:31:24]} {[%emt 00:00:05]} e6 {[%clk 01:31:07]} {[%emt 00:00:11]} 3. Nc3
{[%clk 01:30:55]} {[%emt 00:00:58]} Nc6 {[%clk 01:31:09]} {[%emt 00:00:29]} 4.
Bc4 {[%clk 01:30:03]} {[%emt 00:01:21]} Nf6 {[%clk 01:30:57]} {[%emt 00:00:43]}
5. d3 {[%clk 01:27:56]} {[%emt 00:02:36]} d5 {[%clk 01:23:25]} {[%emt
00:08:03]} 6. exd5 {[%clk 01:26:33]} {[%emt 00:01:53]} Nxd5 {[%clk 01:22:59]}
{[%emt 00:00:56]} 7. Bxd5 {[%clk 01:23:07]} {[%emt 00:03:55]} exd5 {[%clk
01:23:07]} {[%emt 00:00:22]} 8. O-O {[%clk 01:18:54]} {[%emt 00:04:42]} Bg4
{[%clk 01:22:05]} {[%emt 00:01:34]} 9. Qe1+ {[%clk 01:16:01]} {[%emt 00:03:22]}
Be7 {[%clk 01:19:46]} {[%emt 00:02:50]} 10. Ne5 {[%clk 01:08:16]} {[%emt
00:08:11]} Bf5 {[%clk 01:11:10]} {[%emt 00:09:09]} 11. Nxc6 {[%clk 01:02:58]}
{[%emt 00:05:48]} bxc6 {[%clk 01:11:12]} {[%emt 00:00:29]} 12. Qe5 {[%clk
01:00:29]} {[%emt 00:02:57]} d4 {[%clk 00:57:40]} {[%emt 00:14:04]} 13. Qxf5
{[%clk 00:56:39]} {[%emt 00:04:19]} dxc3 {[%clk 00:56:49]} {[%emt 00:01:22]}
14. Re1 {[%clk 00:54:29]} {[%emt 00:02:38]} cxb2 {[%clk 00:54:16]} {[%emt
00:03:05]} 15. Bxb2 {[%clk 00:54:38]} {[%emt 00:00:20]} O-O {[%clk 00:54:01]}
{[%emt 00:00:45]} 16. Qg4 {[%clk 00:45:10]} {[%emt 00:09:56]} Bf6 {[%clk
00:50:00]} {[%emt 00:04:33]} 17. Bxf6 {[%clk 00:43:03]} {[%emt 00:02:37]} Qxf6
{[%clk 00:50:15]} {[%emt 00:00:15]} 18. h3 {[%clk 00:41:13]} {[%emt 00:02:19]}
Rae8 {[%clk 00:46:23]} {[%emt 00:04:23]} 19. Rab1 {[%clk 00:39:08]} {[%emt
00:02:33]} Qc3 {[%clk 00:38:59]} {[%emt 00:07:56]} 20. Rxe8 {[%clk 00:37:37]}
{[%emt 00:02:01]} Rxe8 {[%clk 00:37:19]} {[%emt 00:02:10]} 21. Qg3 {[%clk
00:33:29]} {[%emt 00:04:37]} h6 {[%clk 00:35:05]} {[%emt 00:02:45]} 1/2-1/2

[Event "ODJM C 2025"]
[Site "Willingen GER"]
[Date "2025.06.12"]
[Round "7"]
[White "Giss, Marlene"]
[Black "Nyncke, Kilian"]
[Result "1-0"]
[Termination "normal"]
[Board "31"]
[WhiteElo "939"]
[BlackElo "768"]
[WhiteClock "01:22:37"]
[BlackClock "01:26:33"]
[PlyCount "31"]
[WhiteFideId "533018391"]
[BlackFideId "533018057"]
[EventCountry "GER"]
[EventRounds "9"]
[EventType "swiss"]
[EventDate "2025.06.07"]

1. c4 {[%clk 01:30:58]} {[%emt 00:00:02]} d5 {[%clk 01:30:42]} {[%emt
00:00:19]} 2. cxd5 {[%clk 01:30:42]} {[%emt 00:00:46]} c6 {[%clk 01:31:07]}
{[%emt 00:00:05]} 3. dxc6 {[%clk 01:30:55]} {[%emt 00:00:17]} Nxc6 {[%clk
01:31:30]} {[%emt 00:00:07]} 4. g3 {[%clk 01:31:16]} {[%emt 00:00:10]} Bf5
{[%clk 01:31:27]} {[%emt 00:00:33]} 5. Bg2 {[%clk 01:30:56]} {[%emt 00:00:48]}
e5 {[%clk 01:31:17]} {[%emt 00:00:41]} 6. d3 {[%clk 01:31:07]} {[%emt
00:00:19]} Bc5 {[%clk 01:30:56]} {[%emt 00:00:52]} 7. Nf3 {[%clk 01:31:15]}
{[%emt 00:00:22]} Nf6 {[%clk 01:30:18]} {[%emt 00:01:08]} 8. O-O {[%clk
01:31:30]} {[%emt 00:00:14]} O-O {[%emt 00:00:08]} 9. Nc3 {[%clk 01:30:48]}
{[%emt 00:01:10]} Qe7 {[%clk 01:30:47]} {[%emt 00:00:24]} 10. Bd2 {[%clk
01:30:37]} {[%emt 00:00:41]} Bd4 {[%clk 01:30:34]} {[%emt 00:00:44]} 11. Rc1
{[%clk 01:28:29]} {[%emt 00:02:37]} Ng4 {[%clk 01:30:09]} {[%emt 00:00:55]} 12.
e3 {[%clk 01:27:44]} {[%emt 00:01:14]} Nb4 {[%clk 01:28:55]} {[%emt 00:01:46]}
13. exd4 {[%clk 01:27:46]} {[%emt 00:00:27]} exd4 {[%clk 01:28:29]} {[%emt
00:00:55]} 14. Nxd4 {[%clk 01:27:48]} {[%emt 00:00:29]} Bxd3 {[%clk 01:27:55]}
{[%emt 00:01:03]} 15. Re1 {[%clk 01:22:25]} {[%emt 00:05:55]} Bg6 {[%clk
01:26:33]} {[%emt 00:01:52]} 16. Rxe7 {[%clk 01:22:37]} {[%emt 00:00:18]} 1-0

[Event "ODJM C 2025"]
[Site "Willingen GER"]
[Date "2025.06.12"]
[Round "7"]
[White "Ziem, Aurelie"]
[Black "Peglau, Louise Deborah"]
[Result "1-0"]
[Termination "normal"]
[Board "33"]
[WhiteElo "786"]
[BlackElo "861"]
[WhiteClock "01:13:46"]
[BlackClock "01:25:31"]
[PlyCount "65"]
[WhiteFideId "533022194"]
[BlackFideId "34667008"]
[EventCountry "GER"]
[EventRounds "9"]
[EventType "swiss"]
[EventDate "2025.06.07"]

1. e4 {[%clk 01:30:54]} {[%emt 00:00:06]} e6 {[%clk 01:30:54]} {[%emt
00:00:07]} 2. d4 {[%clk 01:31:16]} {[%emt 00:00:09]} d5 {[%clk 01:31:17]}
{[%emt 00:00:07]} 3. exd5 {[%clk 01:31:33]} {[%emt 00:00:12]} exd5 {[%clk
01:31:37]} {[%emt 00:00:10]} 4. Nf3 {[%clk 01:31:42]} {[%emt 00:00:21]} Nf6
{[%clk 01:31:46]} {[%emt 00:00:20]} 5. Bd3 {[%clk 01:31:47]} {[%emt 00:00:25]}
Bg4 {[%clk 01:31:54]} {[%emt 00:00:23]} 6. Nc3 {[%clk 01:31:30]} {[%emt
00:00:47]} Bb4 {[%clk 01:32:13]} {[%emt 00:00:10]} 7. a3 {[%clk 01:31:28]}
{[%emt 00:00:33]} Ba5 {[%clk 01:32:36]} {[%emt 00:00:08]} 8. b4 {[%clk
01:31:07]} {[%emt 00:00:50]} Bb6 {[%clk 01:32:55]} {[%emt 00:00:11]} 9. a4
{[%clk 01:30:08]} {[%emt 00:01:29]} a6 {[%clk 01:33:17]} {[%emt 00:00:09]} 10.
O-O {[%clk 01:29:48]} {[%emt 00:00:49]} Nbd7 {[%clk 01:33:37]} {[%emt
00:00:10]} 11. Re1+ {[%clk 01:29:29]} {[%emt 00:00:48]} Be6 {[%clk 01:33:23]}
{[%emt 00:00:44]} 12. Bf5 {[%clk 01:29:25]} {[%emt 00:00:34]} Qe7 {[%clk
01:33:36]} {[%emt 00:00:17]} 13. Ng5 {[%clk 01:29:11]} {[%emt 00:00:45]} a5
{[%clk 01:32:21]} {[%emt 00:01:45]} 14. Nxe6 {[%clk 01:28:47]} {[%emt
00:00:52]} fxe6 {[%clk 01:30:26]} {[%emt 00:02:26]} 15. Bxe6 {[%clk 01:28:46]}
{[%emt 00:00:33]} O-O-O {[%clk 01:29:59]} {[%emt 00:00:56]} 16. Nxd5 {[%clk
01:27:51]} {[%emt 00:01:25]} Nxd5 {[%clk 01:29:35]} {[%emt 00:00:54]} 17. Bxd5
{[%clk 01:27:34]} {[%emt 00:00:47]} Qxb4 {[%clk 01:29:26]} {[%emt 00:00:39]}
18. Be3 {[%clk 01:26:37]} {[%emt 00:01:26]} Nf6 {[%clk 01:29:02]} {[%emt
00:00:53]} 19. Be6+ {[%clk 01:26:44]} {[%emt 00:00:25]} Kb8 {[%clk 01:28:46]}
{[%emt 00:00:44]} 20. d5 {[%clk 01:25:03]} {[%emt 00:02:12]} Rhe8 {[%clk
01:28:18]} {[%emt 00:00:57]} 21. Rb1 {[%clk 01:22:47]} {[%emt 00:02:47]} Qd6
{[%clk 01:27:43]} {[%emt 00:01:04]} 22. Bxb6 {[%clk 01:20:13]} {[%emt
00:03:04]} cxb6 {[%clk 01:27:42]} {[%emt 00:00:32]} 23. Qd4 {[%clk 01:19:24]}
{[%emt 00:01:19]} Ka7 {[%clk 01:27:22]} {[%emt 00:00:51]} 24. Rb5 {[%clk
01:18:10]} {[%emt 00:01:43]} Qc7 {[%clk 01:26:49]} {[%emt 00:01:01]} 25. Reb1
{[%clk 01:17:55]} {[%emt 00:00:46]} Rd6 {[%clk 01:26:21]} {[%emt 00:00:58]} 26.
c4 {[%clk 01:17:35]} {[%emt 00:00:51]} Qe7 {[%clk 01:25:49]} {[%emt 00:01:01]}
27. Rxb6 {[%clk 01:17:19]} {[%emt 00:00:46]} Ng4 {[%clk 01:25:36]} {[%emt
00:00:43]} 28. Rxd6+ {[%clk 01:17:19]} {[%emt 00:00:30]} Kb8 {[%clk 01:25:39]}
{[%emt 00:00:27]} 29. Qf4 {[%clk 01:16:48]} {[%emt 00:00:59]} Ka7 {[%clk
01:25:59]} {[%emt 00:00:14]} 30. Rd7 {[%clk 01:14:48]} {[%emt 00:02:25]} Qa3
{[%clk 01:25:44]} {[%emt 00:00:48]} 31. Rdxb7+ {[%clk 01:14:13]} {[%emt
00:01:04]} Ka8 {[%clk 01:25:49]} {[%emt 00:00:27]} 32. Qd4 {[%clk 01:13:43]}
{[%emt 00:00:59]} Qb4 {[%clk 01:25:31]} {[%emt 00:00:49]} 33. Qa7# {[%clk
01:13:46]} {[%emt 00:00:26]} 1-0

[Event "ODJM C 2025"]
[Site "Willingen GER"]
[Date "2025.06.12"]
[Round "7"]
[White "Volkmann, Alexej"]
[Black "Hasekamp, Jonas"]
[Result "1-0"]
[Termination "normal"]
[Board "35"]
[WhiteElo "834"]
[BlackElo "812"]
[WhiteClock "01:32:14"]
[BlackClock "01:08:14"]
[PlyCount "83"]
[WhiteFideId "533006644"]
[BlackFideId "34685944"]
[EventCountry "GER"]
[EventRounds "9"]
[EventType "swiss"]
[EventDate "2025.06.07"]

1. d4 {[%clk 01:30:59]} Nc6 {[%clk 01:30:37]} {[%emt 00:00:16]} 2. Bf4 {[%clk
01:30:53]} {[%emt 00:00:44]} e6 {[%clk 01:30:28]} {[%emt 00:00:35]} 3. Nc3
{[%clk 01:31:17]} {[%emt 00:00:10]} d6 {[%clk 01:29:54]} {[%emt 00:01:00]} 4.
Nf3 {[%clk 01:31:13]} {[%emt 00:00:38]} f6 {[%clk 01:29:17]} {[%emt 00:01:06]}
5. e4 {[%clk 01:31:22]} {[%emt 00:00:22]} e5 {[%emt 00:00:15]} 6. dxe5 {[%emt
00:00:08]} fxe5 {[%clk 01:29:20]} {[%emt 00:00:04]} 7. Bg5 {[%clk 01:31:35]}
{[%emt 00:00:17]} Be7 {[%emt 00:00:13]} 8. Bxe7 {[%emt 00:00:05]} Ngxe7 {[%clk
01:28:30]} {[%emt 00:01:01]} 9. Bb5 {[%clk 01:31:08]} {[%emt 00:00:58]} a6
{[%clk 01:28:12]} {[%emt 00:00:43]} 10. Bc4 {[%clk 01:31:24]} {[%emt 00:00:18]}
b5 {[%clk 01:26:44]} {[%emt 00:01:52]} 11. Bd5 {[%clk 01:31:45]} {[%emt
00:00:15]} Nxd5 {[%clk 01:25:50]} {[%emt 00:01:24]} 12. Qxd5 {[%clk 01:31:54]}
{[%emt 00:00:20]} Bb7 {[%clk 01:25:16]} {[%emt 00:01:00]} 13. O-O {[%clk
01:32:04]} {[%emt 00:00:25]} Na5 {[%clk 01:25:08]} {[%emt 00:00:27]} 14. Qe6+
{[%clk 01:29:58]} {[%emt 00:02:45]} Qe7 {[%clk 01:23:39]} {[%emt 00:01:53]} 15.
Qf5 {[%clk 01:29:46]} {[%emt 00:00:49]} g6 {[%clk 01:22:59]} {[%emt 00:01:04]}
16. Qg4 {[%clk 01:29:02]} {[%emt 00:01:15]} b4 {[%clk 01:22:33]} {[%emt
00:00:54]} 17. Nd5 {[%clk 01:28:35]} {[%emt 00:01:04]} Bxd5 {[%clk 01:22:08]}
{[%emt 00:00:56]} 18. exd5 {[%clk 01:29:03]} {[%emt 00:00:02]} c6 {[%clk
01:21:41]} {[%emt 00:00:50]} 19. dxc6 {[%clk 01:29:05]} {[%emt 00:00:34]} Nxc6
{[%clk 01:21:53]} {[%emt 00:00:18]} 20. c3 {[%clk 01:28:29]} {[%emt 00:01:06]}
bxc3 {[%clk 01:22:09]} {[%emt 00:00:15]} 21. bxc3 {[%clk 01:28:54]} {[%emt
00:00:04]} e4 {[%clk 01:20:44]} {[%emt 00:01:48]} 22. Rae1 {[%clk 01:29:12]}
{[%emt 00:00:19]} d5 {[%clk 01:20:43]} {[%emt 00:00:24]} 23. c4 {[%emt
00:00:26]} Qb7 {[%clk 01:17:28]} {[%emt 00:03:43]} 24. cxd5 {[%clk 01:29:32]}
{[%emt 00:00:22]} Nb4 {[%emt 00:00:27]} 25. Rxe4+ {[%emt 00:00:22]} Kd8 {[%emt
00:01:04]} 26. Rb1 {[%emt 00:00:56]} a5 {[%clk 01:14:29]} {[%emt 00:00:35]} 27.
a3 {[%clk 01:29:56]} {[%emt 00:00:12]} Rb8 {[%clk 01:14:12]} {[%emt 00:00:39]}
28. axb4 {[%clk 01:30:09]} {[%emt 00:00:25]} axb4 {[%clk 01:14:31]} {[%emt
00:00:10]} 29. Rbxb4 {[%clk 01:30:24]} {[%emt 00:00:16]} Qa6 {[%clk 01:14:16]}
{[%emt 00:00:36]} 30. Rxb8+ {[%clk 01:30:32]} {[%emt 00:00:31]} Kc7 {[%clk
01:14:26]} {[%emt 00:00:12]} 31. h3 {[%clk 01:30:57]} {[%emt 00:00:13]} Rxb8
{[%clk 01:14:24]} {[%emt 00:00:25]} 32. Qf4+ {[%clk 01:31:16]} {[%emt
00:00:17]} Kb7 {[%emt 00:00:09]} 33. Re7+ {[%emt 00:00:48]} Ka8 {[%emt
00:00:13]} 34. Rxh7 {[%emt 00:00:16]} Rb1+ {[%emt 00:01:04]} 35. Kh2 {[%emt
00:00:14]} Rc1 {[%emt 00:00:14]} 36. Qxc1 {[%emt 00:00:16]} Qa7 {[%clk
01:09:32]} {[%emt 00:01:56]} 37. d6 {[%clk 01:31:34]} {[%emt 00:00:25]} g5
{[%clk 01:09:18]} {[%emt 00:00:37]} 38. Rxa7+ {[%clk 01:32:01]} {[%emt
00:00:10]} Kxa7 {[%emt 00:00:20]} 39. d7 {[%emt 00:00:08]} g4 {[%clk 01:08:04]}
{[%emt 00:01:10]} 40. d8=Q {[%emt 00:00:16]} gxf3 {[%clk 01:08:13]} {[%emt
00:00:18]} 41. Qb2 {[%clk 01:32:29]} {[%emt 00:00:24]} fxg2 {[%clk 01:08:14]}
{[%emt 00:00:29]} 42. Qa5# {[%clk 01:32:14]} {[%emt 00:00:15]} 1-0

[Event "ODJM C 2025"]
[Site "Willingen GER"]
[Date "2025.06.12"]
[Round "7"]
[White "Neumann, Charlotte"]
[Black "Er, Cemile"]
[Result "0-1"]
[Termination "normal"]
[Board "37"]
[WhiteElo "714"]
[BlackElo "760"]
[WhiteClock "01:31:50"]
[BlackClock "01:10:09"]
[PlyCount "56"]
[WhiteFideId "533043728"]
[BlackFideId "533001871"]
[EventCountry "GER"]
[EventRounds "9"]
[EventType "swiss"]
[EventDate "2025.06.07"]

1. d4 {[%clk 01:30:57]} {[%emt 00:00:02]} Nf6 {[%clk 01:30:54]} {[%emt
00:00:07]} 2. Nf3 {[%clk 01:31:11]} {[%emt 00:00:14]} d6 {[%clk 01:31:07]}
{[%emt 00:00:19]} 3. Nc3 {[%clk 01:31:26]} {[%emt 00:00:14]} Nbd7 {[%clk
01:31:23]} {[%emt 00:00:15]} 4. Bg5 {[%clk 01:31:14]} {[%emt 00:00:40]} g6
{[%clk 01:31:41]} {[%emt 00:00:13]} 5. e3 {[%clk 01:31:16]} {[%emt 00:00:27]}
Bg7 {[%clk 01:31:51]} {[%emt 00:00:23]} 6. Bc4 {[%clk 01:31:11]} {[%emt
00:00:33]} O-O {[%clk 01:30:15]} {[%emt 00:02:08]} 7. O-O {[%clk 01:31:25]}
{[%emt 00:00:14]} Nb6 {[%clk 01:28:35]} {[%emt 00:02:11]} 8. Bd3 {[%clk
01:31:31]} {[%emt 00:00:20]} Nc4 {[%clk 01:26:46]} {[%emt 00:02:22]} 9. Bxc4
{[%clk 01:31:20]} {[%emt 00:00:41]} Bg4 {[%clk 01:26:07]} {[%emt 00:01:10]} 10.
Qe2 {[%clk 01:31:37]} {[%emt 00:00:12]} c6 {[%clk 01:21:44]} {[%emt 00:04:55]}
11. h3 {[%clk 01:31:49]} {[%emt 00:00:16]} Bf5 {[%clk 01:21:08]} {[%emt
00:01:07]} 12. Nh4 {[%clk 01:31:51]} {[%emt 00:00:26]} Bd7 {[%clk 01:17:27]}
{[%emt 00:04:13]} 13. Bxf6 {[%clk 01:30:50]} {[%emt 00:01:31]} exf6 {[%clk
01:17:30]} {[%emt 00:00:27]} 14. a4 {[%clk 01:30:48]} {[%emt 00:00:31]} g5
{[%clk 01:13:04]} {[%emt 00:04:57]} 15. Nf3 {[%clk 01:30:52]} {[%emt 00:00:20]}
f5 {[%clk 01:10:18]} {[%emt 00:03:22]} 16. b4 {[%clk 01:29:52]} {[%emt
00:01:29]} g4 {[%clk 01:10:09]} {[%emt 00:00:40]} 17. Nh4 {[%clk 01:29:58]}
{[%emt 00:00:22]} gxh3 {[%clk 01:10:22]} {[%emt 00:00:19]} 18. gxh3 {[%clk
01:30:16]} {[%emt 00:00:11]} Qg5+ {[%clk 01:09:06]} {[%emt 00:01:47]} 19. Kh1
{[%clk 01:30:13]} {[%emt 00:00:31]} Qxh4 {[%clk 01:09:27]} {[%emt 00:00:12]}
20. b5 {[%clk 01:30:19]} {[%emt 00:00:23]} Qxh3+ {[%clk 01:09:47]} {[%emt
00:00:12]} 21. Kg1 {[%clk 01:30:40]} {[%emt 00:00:07]} Rae8 {[%clk 01:09:33]}
{[%emt 00:00:44]} 22. Rfe1 {[%clk 01:30:44]} {[%emt 00:00:26]} d5 {[%clk
01:09:45]} {[%emt 00:00:19]} 23. Qf1 {[%clk 01:31:01]} {[%emt 00:00:11]} Qg4+
{[%clk 01:09:21]} {[%emt 00:00:55]} 24. Kh2 {[%clk 01:31:18]} {[%emt 00:00:13]}
dxc4 {[%clk 01:09:37]} {[%emt 00:00:14]} 25. bxc6 {[%clk 01:31:30]} {[%emt
00:00:18]} Bxc6 {[%clk 01:09:39]} {[%emt 00:00:29]} 26. f4 {[%clk 01:31:17]}
{[%emt 00:00:41]} Re6 {[%clk 01:09:53]} {[%emt 00:00:18]} 27. Re2 {[%clk
01:31:27]} {[%emt 00:00:20]} Rh6+ {[%clk 01:10:10]} {[%emt 00:00:13]} 28. Qh3
{[%clk 01:31:50]} {[%emt 00:00:22]} Rxh3# {[%clk 01:10:09]} {[%emt 00:00:29]}
0-1

[Event "ODJM C 2025"]
[Site "Willingen GER"]
[Date "2025.06.13"]
[Round "8"]
[White "Abram, Kristina-Maria"]
[Black "Trush, Diana"]
[Result "1-0"]
[Termination "normal"]
[Board "2"]
[WhiteElo "1507"]
[BlackElo "1708"]
[WhiteClock "01:10:22"]
[BlackClock "00:37:32"]
[PlyCount "61"]
[WhiteFideId "16298349"]
[BlackFideId "34644091"]
[EventCountry "GER"]
[EventRounds "9"]
[EventType "swiss"]
[EventDate "2025.06.07"]

1. d4 {[%clk 01:30:56]} {[%emt 00:00:03]} Nf6 {[%clk 01:30:54]} {[%emt
00:00:06]} 2. c4 {[%clk 01:31:20]} {[%emt 00:00:06]} g6 {[%clk 01:31:19]}
{[%emt 00:00:05]} 3. Nc3 {[%clk 01:31:45]} {[%emt 00:00:05]} Bg7 {[%clk
01:31:37]} {[%emt 00:00:12]} 4. e4 {[%clk 01:32:12]} {[%emt 00:00:03]} d6
{[%clk 01:31:32]} {[%emt 00:00:35]} 5. Bd3 {[%clk 01:32:11]} {[%emt 00:00:28]}
e5 {[%clk 01:29:46]} {[%emt 00:02:19]} 6. d5 {[%clk 01:31:50]} {[%emt
00:00:52]} O-O {[%clk 01:29:59]} {[%emt 00:00:17]} 7. Nge2 {[%clk 01:32:07]}
{[%emt 00:00:12]} Ne8 {[%clk 01:18:44]} {[%emt 00:11:46]} 8. O-O {[%clk
01:29:39]} {[%emt 00:02:56]} f5 {[%clk 01:14:56]} {[%emt 00:04:19]} 9. f3
{[%clk 01:29:48]} {[%emt 00:00:20]} f4 {[%clk 01:14:34]} {[%emt 00:00:53]} 10.
b4 {[%clk 01:30:05]} {[%emt 00:00:13]} g5 {[%clk 01:13:13]} {[%emt 00:01:51]}
11. c5 {[%clk 01:29:52]} {[%emt 00:00:42]} g4 {[%clk 01:13:25]} {[%emt
00:00:19]} 12. Bd2 {[%clk 01:22:42]} {[%emt 00:07:41]} g3 {[%clk 01:09:40]}
{[%emt 00:04:15]} 13. hxg3 {[%clk 01:21:26]} {[%emt 00:01:45]} fxg3 {[%clk
01:09:54]} {[%emt 00:00:16]} 14. Nxg3 {[%clk 01:21:38]} {[%emt 00:00:18]} Qh4
{[%clk 01:07:25]} {[%emt 00:02:57]} 15. Be1 {[%clk 01:19:51]} {[%emt 00:02:18]}
Qg5 {[%clk 00:54:29]} {[%emt 00:13:27]} 16. Qd2 {[%clk 01:16:44]} {[%emt
00:03:33]} Qg6 {[%clk 00:51:11]} {[%emt 00:03:53]} 17. Nf5 {[%clk 01:13:35]}
{[%emt 00:03:38]} Rf7 {[%clk 00:49:45]} {[%emt 00:01:56]} 18. Bh4 {[%clk
01:08:57]} {[%emt 00:04:54]} Bf6 {[%clk 00:48:33]} {[%emt 00:01:56]} 19. Bxf6
{[%clk 01:08:37]} {[%emt 00:00:49]} Nxf6 {[%clk 00:48:47]} {[%emt 00:00:17]}
20. Nh6+ {[%clk 01:08:57]} {[%emt 00:00:09]} Kg7 {[%clk 00:48:40]} {[%emt
00:00:38]} 21. Nxf7 {[%clk 01:09:18]} {[%emt 00:00:09]} Kxf7 {[%clk 00:49:03]}
{[%emt 00:00:08]} 22. cxd6 {[%clk 01:09:32]} {[%emt 00:00:16]} cxd6 {[%clk
00:49:24]} {[%emt 00:00:08]} 23. Nb5 {[%clk 01:09:57]} {[%emt 00:00:04]} Na6
{[%clk 00:49:06]} {[%emt 00:00:48]} 24. Nxd6+ {[%clk 01:09:30]} {[%emt
00:00:57]} Ke7 {[%clk 00:49:17]} {[%emt 00:00:19]} 25. Nf5+ {[%clk 01:09:21]}
{[%emt 00:00:37]} Kf7 {[%clk 00:49:30]} {[%emt 00:00:20]} 26. d6 {[%clk
01:09:06]} {[%emt 00:00:41]} Ng8 {[%clk 00:40:15]} {[%emt 00:09:49]} 27. Bxa6
{[%clk 01:09:10]} {[%emt 00:00:25]} bxa6 {[%clk 00:40:20]} {[%emt 00:00:26]}
28. Qd5+ {[%clk 01:09:19]} {[%emt 00:00:14]} Be6 {[%clk 00:40:32]} {[%emt
00:00:26]} 29. Qxa8 {[%clk 01:09:41]} {[%emt 00:00:08]} Nh6 {[%clk 00:37:48]}
{[%emt 00:03:13]} 30. Qxa7+ {[%clk 01:10:01]} {[%emt 00:00:10]} Kf6 {[%clk
00:37:32]} {[%emt 00:00:46]} 31. Qe7# {[%clk 01:10:22]} {[%emt 00:00:08]} 1-0

[Event "ODJM C 2025"]
[Site "Willingen GER"]
[Date "2025.06.13"]
[Round "8"]
[White "Anzinger, Simon"]
[Black "Wolf, Anna"]
[Result "0-1"]
[Termination "normal"]
[Board "3"]
[WhiteElo "1541"]
[BlackElo "1488"]
[WhiteClock "00:59:42"]
[BlackClock "00:57:15"]
[PlyCount "56"]
[WhiteFideId "34698825"]
[BlackFideId "34616993"]
[EventCountry "GER"]
[EventRounds "9"]
[EventType "swiss"]
[EventDate "2025.06.07"]

1. e4 {[%clk 01:30:58]} e6 {[%clk 01:30:50]} {[%emt 00:00:11]} 2. d4 {[%clk
01:30:43]} {[%emt 00:00:44]} d5 {[%clk 01:31:11]} {[%emt 00:00:10]} 3. Nd2
{[%clk 01:30:56]} {[%emt 00:00:17]} c5 {[%clk 01:31:33]} {[%emt 00:00:09]} 4.
exd5 {[%clk 01:31:04]} {[%emt 00:00:20]} Qxd5 {[%clk 01:31:54]} {[%emt
00:00:10]} 5. Ngf3 {[%clk 01:30:38]} {[%emt 00:00:56]} cxd4 {[%clk 01:31:48]}
{[%emt 00:00:36]} 6. Bc4 {[%clk 01:24:41]} {[%emt 00:06:26]} Qd6 {[%clk
01:32:05]} {[%emt 00:00:14]} 7. O-O {[%clk 01:24:29]} {[%emt 00:00:42]} Nf6
{[%clk 01:32:29]} {[%emt 00:00:06]} 8. Nb3 {[%clk 01:24:30]} {[%emt 00:00:29]}
Nc6 {[%clk 01:32:50]} {[%emt 00:00:10]} 9. Nbxd4 {[%clk 01:24:03]} {[%emt
00:00:55]} Nxd4 {[%clk 01:33:08]} {[%emt 00:00:13]} 10. Qxd4 {[%clk 01:23:53]}
{[%emt 00:00:40]} Qxd4 {[%clk 01:31:50]} {[%emt 00:01:48]} 11. Nxd4 {[%clk
01:24:12]} {[%emt 00:00:11]} a6 {[%clk 01:32:13]} {[%emt 00:00:08]} 12. a4
{[%clk 01:23:42]} {[%emt 00:00:59]} Bc5 {[%clk 01:30:43]} {[%emt 00:02:00]} 13.
Nb3 {[%clk 01:23:43]} {[%emt 00:00:29]} Bb6 {[%clk 01:30:33]} {[%emt 00:00:41]}
14. a5 {[%clk 01:23:49]} {[%emt 00:00:23]} Bc7 {[%clk 01:30:37]} {[%emt
00:00:26]} 15. h3 {[%clk 01:23:00]} {[%emt 00:01:18]} O-O {[%clk 01:30:35]}
{[%emt 00:00:33]} 16. Be3 {[%clk 01:23:09]} {[%emt 00:00:19]} Rd8 {[%clk
01:29:37]} {[%emt 00:01:30]} 17. Rfd1 {[%clk 01:23:03]} {[%emt 00:00:35]} Bd7
{[%clk 01:29:23]} {[%emt 00:00:46]} 18. Nc5 {[%clk 01:20:48]} {[%emt 00:02:44]}
Bc6 {[%clk 01:28:05]} {[%emt 00:01:48]} 19. Nd3 {[%clk 01:18:21]} {[%emt
00:02:55]} Rac8 {[%clk 01:23:19]} {[%emt 00:05:18]} 20. Re1 {[%clk 01:16:59]}
{[%emt 00:01:52]} Be4 {[%clk 01:20:06]} {[%emt 00:03:44]} 21. f3 {[%clk
01:13:11]} {[%emt 00:04:17]} Bg3 {[%clk 01:15:08]} {[%emt 00:05:28]} 22. fxe4
{[%clk 01:08:40]} {[%emt 00:05:01]} Bxe1 {[%clk 01:11:52]} {[%emt 00:03:46]}
23. Bxe6 {[%clk 01:08:46]} {[%emt 00:00:23]} fxe6 {[%clk 01:12:08]} {[%emt
00:00:15]} 24. Rxe1 {[%clk 01:08:37]} {[%emt 00:00:39]} Rxc2 {[%clk 01:12:01]}
{[%emt 00:00:37]} 25. Nc5 {[%clk 01:08:25]} {[%emt 00:00:43]} Rxb2 {[%clk
01:09:13]} {[%emt 00:03:17]} 26. Nxe6 {[%clk 01:08:45]} {[%emt 00:00:10]} Re8
{[%clk 01:08:52]} {[%emt 00:00:52]} 27. e5 {[%clk 01:06:38]} {[%emt 00:02:36]}
Nd5 {[%clk 00:58:54]} {[%emt 00:10:28]} 28. Bc1 {[%clk 00:59:42]} {[%emt
00:07:26]} Rb5 {[%clk 00:57:15]} {[%emt 00:02:09]} 0-1